<?xml version="1.0" encoding="UTF-8"?>
<record
    xmlns:xsi="http://www.w3.org/2001/XMLSchema-instance"
    xsi:schemaLocation="http://www.loc.gov/MARC21/slim http://www.loc.gov/standards/marcxml/schema/MARC21slim.xsd"
    xmlns="http://www.loc.gov/MARC21/slim">

  <leader>00767nam a22001937a 4500</leader>
  <datafield tag="999" ind1=" " ind2=" ">
    <subfield code="c">176365</subfield>
    <subfield code="d">176365</subfield>
  </datafield>
  <controlfield tag="005">20201215161854.0</controlfield>
  <datafield tag="010" ind1=" " ind2=" ">
    <subfield code="a">ENG-128684</subfield>
  </datafield>
  <datafield tag="020" ind1=" " ind2=" ">
    <subfield code="a">978-93-90287-25-3</subfield>
    <subfield code="c">250.00</subfield>
  </datafield>
  <datafield tag="035" ind1=" " ind2=" ">
    <subfield code="a">EN-112216</subfield>
  </datafield>
  <datafield tag="037" ind1=" " ind2=" ">
    <subfield code="b">DBAD/PUB</subfield>
  </datafield>
  <datafield tag="082" ind1=" " ind2=" ">
    <subfield code="a">615</subfield>
  </datafield>
  <datafield tag="100" ind1=" " ind2=" ">
    <subfield code="a">Chowdhury, Biswaroop Roy</subfield>
  </datafield>
  <datafield tag="245" ind1=" " ind2=" ">
    <subfield code="a">N. I. C. E. Way to Cure Covid-19/</subfield>
    <subfield code="c">Biswaroop Roy Chowdhury</subfield>
    <subfield code="b">5000+ patients cured with Zero Medicine/ Money/ Mortality</subfield>
  </datafield>
  <datafield tag="260" ind1=" " ind2=" ">
    <subfield code="a">New Delhi</subfield>
    <subfield code="b">Diamond Pocket Boks (P) Ltd.</subfield>
    <subfield code="c">2019</subfield>
  </datafield>
  <datafield tag="270" ind1=" " ind2=" ">
    <subfield code="b">New Delhi</subfield>
    <subfield code="e">110020</subfield>
    <subfield code="a">X-30, Okhla Industrial Area, Phase-II</subfield>
    <subfield code="m">sales@dpb.in</subfield>
    <subfield code="k">011-40712100, 41611861</subfield>
    <subfield code="l">011-41611866</subfield>
  </datafield>
  <datafield tag="300" ind1=" " ind2=" ">
    <subfield code="a">215p.</subfield>
    <subfield code="c">22cm(pbk)</subfield>
    <subfield code="b">Including Illustrations. </subfield>
  </datafield>
  <datafield tag="500" ind1=" " ind2=" ">
    <subfield code="a">Presented by Network of Influenza Care Experts.</subfield>
  </datafield>
  <datafield tag="942" ind1=" " ind2=" ">
    <subfield code="2">ddc</subfield>
    <subfield code="c">EN</subfield>
    <subfield code="h">615</subfield>
    <subfield code="m">CHO</subfield>
  </datafield>
  <datafield tag="952" ind1=" " ind2=" ">
    <subfield code="0">0</subfield>
    <subfield code="1">0</subfield>
    <subfield code="4">0</subfield>
    <subfield code="7">0</subfield>
    <subfield code="8">NFIC</subfield>
    <subfield code="a">AV</subfield>
    <subfield code="b">AV</subfield>
    <subfield code="d">2020-12-15</subfield>
    <subfield code="e">DBAD/PUB</subfield>
    <subfield code="g">250.00</subfield>
    <subfield code="l">1</subfield>
    <subfield code="o">615 CHO</subfield>
    <subfield code="p">EN-112216</subfield>
    <subfield code="r">2021-08-12 00:00:00</subfield>
    <subfield code="s">2021-07-30</subfield>
    <subfield code="t">1</subfield>
    <subfield code="v">250.00</subfield>
    <subfield code="y">EN</subfield>
  </datafield>
</record>
